书目信息 |
| 题名: |
中国风景园林学会2021年会论文集
|
|
| 作者: | 孟兆祯 , 陈重 主编 ;中国风景园林学会 编 | |
| 分册: | ||
| 出版信息: | 北京 中国建筑工业出版社 2021.11 |
|
| 页数: | 679页 | |
| 开本: | 29cm | |
| 丛书名: | ||
| 单 册: | ||
| 中图分类: | TU986.2-53 | |
| 科图分类: | ||
| 主题词: | 园林设计--yuan lin she ji--中国--文集 | |
| 电子资源: | ||
| ISBN: | 978-7-112-26786-6 | |
| 000 | 01556nam0 2200289 450 | |
| 001 | 26940 | |
| 005 | 20220920195247.54 | |
| 010 | @a978-7-112-26786-6@dCNY99.00 | |
| 100 | @a20220616d2021 em y0chiy50 ea | |
| 101 | 0 | @achi |
| 102 | @aCN@b110000 | |
| 105 | @aabk a 000yy | |
| 200 | 1 | @a中国风景园林学会2021年会论文集@Azhong guo feng jing yuan lin xue hui 2021 nian hui lun wen ji@e美美与共的风景园林@e人与天调 和谐共生@e= Landscape architecture with beauty of diversity and integration@ethe Pursuit of mankind harmonious coexistence with nature@f中国风景园林学会编 |
| 210 | @a北京@c中国建筑工业出版社@d2021.11 | |
| 215 | @a679页@c图, 地图@d29cm | |
| 314 | @a书内题: 孟兆祯, 陈重主编 | |
| 320 | @a有书目 | |
| 330 | @a本书汇集了中国风景园林学会2021年会征稿的入选论文, 共分15个主题: 风景园林与高品质生活、风景园林与城市生物多样性、风景园林与低碳发展、风景园林与城市更新、风景园林与国土空间、风景园林与乡村振兴、风景名胜区与自然保护地、绿色基础设施、风景园林规划设计、风景园林植物、风景园林理论与历史、风景园林工程与技术、风景园林管理及智慧化、风景园林文化艺术与美学、风景园林学科发展与展望。 | |
| 517 | 1 | @a美美与共的风景园林@Amei mei yu gong de feng jing yuan lin |
| 517 | 1 | @a人与天调 和谐共生@Aren yu tian diao he xie gong sheng |
| 606 | 0 | @a园林设计@Ayuan lin she ji@y中国@j文集 |
| 690 | @aTU986.2-53@v5 | |
| 701 | 0 | @a孟兆祯@Ameng zhao zhen@4主编 |
| 701 | 0 | @a陈重@Achen zhong@4主编 |
| 712 | 02 | @a中国风景园林学会@Azhong guo feng jing yuan lin xue hui@4编 |
| 801 | 0 | @aCN@c20220910 |
| 905 | @a河南城建学院图书馆@dTU986.2-53@eM625@f2 | |
| 中国风景园林学会2021年会论文集:美美与共的风景园林:人与天调 和谐共生:= Landscape architecture with beauty of diversity and integration:the Pursuit of mankind harmonious coexistence with nature/中国风景园林学会编.-北京:中国建筑工业出版社,2021.11 |
| 679页:图, 地图;29cm |
| ISBN 978-7-112-26786-6:CNY99.00 |
| 本书汇集了中国风景园林学会2021年会征稿的入选论文, 共分15个主题: 风景园林与高品质生活、风景园林与城市生物多样性、风景园林与低碳发展、风景园林与城市更新、风景园林与国土空间、风景园林与乡村振兴、风景名胜区与自然保护地、绿色基础设施、风景园林规划设计、风景园林植物、风景园林理论与历史、风景园林工程与技术、风景园林管理及智慧化、风景园林文化艺术与美学、风景园林学科发展与展望。 |
| ● |
| 相关链接 |
|
|
|
正题名:中国风景园林学会2021年会论文集
索取号:TU986.2-53/M625
 
预约/预借
| 序号 | 登录号 | 条形码 | 馆藏地/架位号 | 状态 | 备注 |
| 1 | 1578539 | 215785390 | 建筑库201/201建筑库 112排2列4层/ [索取号:TU986.2-53/M625] | 在馆 | |
| 2 | 1578540 | 215785407 | 建筑库201/201建筑库 112排2列4层/ [索取号:TU986.2-53/M625] | 在馆 |